The blue room fox-trot /
| Main Author: | Rodgers, Richard, 1902-1979 |
|---|---|
| Other Authors: | Hart, Lorenz, 1895-1943, Salabert, Francis, 1884-1946 |
| Language: | English |
| Published: |
Paris : Salabert, 1928 |
| Physical Description: |
1 sv. (nestránkován) |
| LEADER | 00909ncm a22002532a 4500 | ||
|---|---|---|---|
| 001 | 001238009 | ||
| 003 | CZ BrMZK | ||
| 005 | 20120907071240.0 | ||
| 007 | qu | ||
| 008 | 120809s1928 fr |||||||||||||||||eng d | ||
| 040 | |a BOA001 |b cze | ||
| 072 | 7 | |a 784 |x Vokální hudba |2 Konspekt |9 9 | |
| 100 | 1 | |a Rodgers, Richard, |d 1902-1979 |7 jn20020118011 |4 cmp | |
| 245 | 1 | 4 | |a The blue room |h [hudebnina] : |b fox-trot / |c Richard Rodgers ; paroles de Lorenz Hart ; ukulele arr. by Francis Salabert |
| 260 | |a Paris : |b Salabert, |c 1928 | ||
| 300 | |a 1 sv. (nestránkován) | ||
| 500 | |a Zpěv v aklvír | ||
| 500 | |a Značky pro ukulele | ||
| 700 | 1 | |a Hart, Lorenz, |d 1895-1943 |7 mzk2009539565 |4 lyr | |
| 700 | 1 | |a Salabert, Francis, |d 1884-1946 |7 mzk2010575344 |4 arr | |
| 910 | |a BOA001 |b Mus4-0579.648 | ||
| 990 | |a MU | ||
| 991 | |b 201208 | ||
| 996 | 6 | |b 2619097139 |c Mus4-0579.648 |l MZK |r Sklad / do 1 hodiny |n 0 |w 001272094 |u 000010 |a 1 |e BOA001 |j MZK50 |s P | |
English
Čeština 